000 00649nam a2200193Ia 4500
003 IN-BaIIA
008 211028s9999 xx 000 0 eng d
040 _cIIA Library
080 _a521.131
_bKHI
100 _aKhilmi, G. F.
_95277
245 0 _aQualitative methods in the many body problem
_cG. F. Khilmi
260 _aNew York
_bGordon and Breach Science
_c1961
300 _axi, 117p.
490 _aRussian tracts on advanced mathematics and physics; v. 3
650 _aAstronomy and astrophysics thesaurus
650 _aCelestial mechanics
650 _aMany-Body problem
_91542
942 _cBK
999 _c2958
_d2958